Rozporuplné efekty regionálnych sietí v cestovnom ruchu habilitačná prednáška

Enregistré dans:
Détails bibliographiques
Auteur principal: Michálková, Anna, 1968-
Collectivité auteur: Ekonomická univerzita v Bratislave. Obchodná fakulta
Autres auteurs: Novacká, Ľudmila, 1953-, Gúčik, Marián, Strážovská, Ľubomíra
Format: Livre
Langue:slovaque
Publié: Bratislava Vydavateľstvo EKONÓM 2011
Collection:Habilitačné a inauguračné prednášky
Sujets:
Tags: Ajouter un tag
Pas de tags, Soyez le premier à ajouter un tag!

MARC

LEADER 00000nam$a2200000$$$4500
001 0142729
005 20240502072546.5
020 |a 978-80-225-3275-4 
041 0 |a slo 
044 |a SK 
245 1 0 |a Rozporuplné efekty regionálnych sietí v cestovnom ruchu  |b habilitačná prednáška  |c Anna Michálková 
264 1 |a Bratislava  |b Vydavateľstvo EKONÓM  |c 2011 
300 |a 44 s. 
490 1 |a Habilitačné a inauguračné prednášky 
830 0 |a Habilitačné a inauguračné prednášky 
610 2 0 |a ruch cestovný 
610 2 0 |a siete regionálne 
610 2 0 |a kooperácia 
610 2 0 |a konkurencia 
100 1 |a Michálková, Anna, 1968- 
700 1 |a Novacká, Ľudmila, 1953- 
700 1 |a Gúčik, Marián 
700 1 |a Strážovská, Ľubomíra 
710 2 |a Ekonomická univerzita v Bratislave. Obchodná fakulta